000 00878cam a22002414a 4500
008 110930s2012 enkab b 001 0 eng
020 _a9781119994350
020 _a1119994357
040 _aDLC
_cDLC
_dDLC
082 0 0 _a681.2
_223
100 1 _aHersent, Olivier.
245 1 4 _aThe internet of things: key applications and protocols
_bkey applications and protocols /
_cOlivier Hersent, David Boswarthick, Omar Elloumi.
260 _aChichester, West Sussex :
_bWiley,
_c2012.
300 _axxv, 344 p. :
_bill., maps ;
_c25 cm.
504 _aIncludes bibliographical references and index.
650 0 _aIntelligent buildings.
650 0 _aSmart power grids.
650 0 _aSensor networks.
700 1 _aBoswarthick, David.
700 1 _aElloumi, Omar.
856 4 2 _3Cover image
_uhttp://catalogimages.wiley.com/images/db/jimages/9781119994350.jpg
942 _2ddc
_cBK
999 _c11545
_d11545